Piłkarskie ciekawostki statystyczne. - Statystyki

Ogólne statystyki
  • Ten quiz został rozwiązany 28 razy
  • Średni wynik to 3 z 7
Statystyki odpowiedzi
Hint Odpowiedź % Poprawnych
Jakie dwie drużyny spotykały się najczęściej, bo aż 6 razy, w finale Pucharu Polski? Lech Legia
83%
Tylko jeden zawodnik występował aż w 6 klubach, które w swojej historii mają triumf w Lidze Mistrzów. Jednak nigdy go nie zdobyły kiedy grał on w tych klubach. Jaki to piłkarz? Zlatan Ibrahimovič
65%
Dwóch piłkarzy w swojej karierze zagrało aż w trzech reprezentacjach narodowych. Jeden dla Czechosłowacji, Węgier i Hiszpanii. Drugi dla Argentyny, Hiszpanii i Kolumbii. Podaj nazwisko jednego z nich. Laszlo Kubala Alfredo Di Stefano
52%
Najczęściej w finale MŚ spotykała się para Niemcy - Argentyna (1986, 1990, 2014). Jeszcze tylko jedna para spotkała się w finale MŚ więcej niż raz. Jaka to para? Brazylia Włochy
39%
Kto był najstarszym zawodnikiem na świecie (40 lat), który zdobył ze swoją reprezentacja mistrzostwo świata? Dino Zoff
9%
Pewien włoski piłkarz wystąpił aż w czterech turniejach o MŚ (1982, 1986, 1990, 1998). Ale nie zaliczył ani jednego meczu w eliminacjach do tych turniejów. Kto to? Giuseppe Bergomi
9%
Tylko jeden trener w historii polskiej reprezentacji nie poniósł porażki prowadząc drużynę narodową. Podaj jego imię i nazwisko. Krzysztof Pawlak
9%
Nie znaleziono quizów pasujących do podanych kryteriów
Rozkład punktacji
Procent ludzi z każdym wynikiem
Percentyl według liczby udzielonych odpowiedzi
Twoja historia wyników
Nie rozwiązałeś tego quizu